[Event "CORSICA MASTERS 2009"]
[Site "Bastia"]
[Date "2009.10.25"]
[Round "1.1"]
[White "Ferreira, Antonio"]
[Black "Sokolov, Ivan"]
[Result "0-1"]
[WhiteElo "1908"]
[BlackElo "2657"]
[PlyCount "55"]

1. e4 e5 2. Nf3 Nc6 3. Bb5 Nd4 4. Nxd4 exd4 5. d3 Bc5 6. O-O c6 7. Bc4 d5 8.
exd5 cxd5 9. Re1+ Ne7 10. Bb5+ Kf8 11. Bg5 f6 12. Bc1 h5 13. Nd2 Qa5 14. b4
Bxb4 15. Rb1 a6 16. Bc4 Bg4 17. f3 Bd7 18. Bb3 Nf5 19. Bxd5 Bxd2 20. Bxb7 Bxe1
21. Bxa8 Kf7 22. Be4 Nd6 23. Bf4 Nxe4 24. dxe4 Bc3 25. Qe2 Qa4 26. Qd3 Re8 27.
Rb7 Kg8 28. e5 0-1

[Event "CORSICA MASTERS 2009"]
[Site "Bastia"]
[Date "2009.10.25"]
[Round "1.2"]
[White "Hamdouchi, Hicham"]
[Black "Salard, Alexandre"]
[Result "1-0"]
[WhiteElo "2590"]
[BlackElo "1908"]
[PlyCount "45"]

1. e4 e5 2. Nf3 Nf6 3. Nxe5 d6 4. Nf3 Nxe4 5. Nc3 Nxc3 6. dxc3 Be7 7. Bf4 Nc6
8. Qd2 Bf6 9. O-O-O O-O 10. Kb1 Re8 11. Bc4 Be6 12. Bxe6 Rxe6 13. h4 Be5 14.
Be3 h6 15. g4 Qf6 16. Nd4 Bxd4 17. cxd4 Re4 18. g5 hxg5 19. hxg5 Qg6 20. Rh3
Rae8 21. Qd3 Qe6 22. Rdh1 Kf8 23. d5 1-0

[Event "CORSICA MASTERS 2009"]
[Site "Bastia"]
[Date "2009.10.25"]
[Round "1.3"]
[White "Geronimi, Pierre-Francois"]
[Black "Malaniuk, Vladimir P"]
[Result "0-1"]
[WhiteElo "1900"]
[BlackElo "2586"]
[PlyCount "68"]

1. e4 e5 2. Nf3 Nc6 3. Bb5 a6 4. Ba4 Nf6 5. d4 exd4 6. O-O Be7 7. Re1 b5 8. e5
Nxe5 9. Rxe5 bxa4 10. Nxd4 O-O 11. Nf5 Re8 12. Nc3 d6 13. Nxe7+ Rxe7 14. Rxe7
Qxe7 15. Bg5 Qe5 16. Qf3 Rb8 17. Bxf6 Qxf6 18. Qc6 Qd8 19. Re1 Bd7 20. Qxa6
Rxb2 21. Qd3 h6 22. h3 Bc6 23. Nd5 Bxd5 24. Qxd5 Rxc2 25. Qb5 Qf6 26. Re8+ Kh7
27. Qd3+ Qg6 28. Qd5 c6 29. Qf3 Rxa2 30. Qxc6 Qf5 31. f3 Qg5 32. Qe4+ f5 33. f4
fxe4 34. fxg5 d5 0-1

[Event "CORSICA MASTERS 2009"]
[Site "Bastia"]
[Date "2009.10.25"]
[Round "1.4"]
[White "Palac, Mladen"]
[Black "Levacic, Adrien"]
[Result "1-0"]
[WhiteElo "2576"]
[BlackElo "1893"]
[PlyCount "71"]

1. e4 e5 2. Nf3 Nc6 3. Bc4 Nf6 4. d3 Be7 5. O-O d6 6. c3 O-O 7. Bb3 Bg4 8. h3
Bh5 9. Re1 Qd7 10. Nbd2 h6 11. Nf1 Nh7 12. Ng3 Bg6 13. d4 Rad8 14. Ba4 Qc8 15.
Bxc6 bxc6 16. dxe5 dxe5 17. Qa4 Qe6 18. Qxa7 Bd6 19. Qa4 Ra8 20. Qxc6 Rxa2 21.
Rxa2 Qxa2 22. Nh4 Qe6 23. b4 Rd8 24. Be3 Nf6 25. Ra1 Nh5 26. Ngf5 Nf4 27. Bxf4
exf4 28. Nxg6 Qxg6 29. Ra8 Rxa8 30. Qxa8+ Kh7 31. Nxd6 Qxd6 32. Qd5 Qa6 33. Kh2
Qa1 34. Qf5+ Kg8 35. Qc8+ Kh7 36. Qxc7 1-0

[Event "CORSICA MASTERS 2009"]
[Site "Bastia"]
[Date "2009.10.25"]
[Round "1.5"]
[White "Bigonnet, Jean-Michel"]
[Black "Maslak, Konstantin"]
[Result "0-1"]
[WhiteElo "1889"]
[BlackElo "2551"]
[PlyCount "54"]

1. d4 Nf6 2. Nc3 e6 3. e4 d5 4. Bg5 dxe4 5. Nxe4 Nbd7 6. c4 h6 7. Bxf6 Nxf6 8.
Nc3 Be7 9. Nf3 O-O 10. Be2 c5 11. O-O cxd4 12. Qxd4 Qc7 13. Rad1 g6 14. a3 b6
15. b4 Rd8 16. Qh4 Bb7 17. Qh3 Ne4 18. Nxe4 Bxe4 19. Nd4 Bb7 20. f4 Rd6 21. Qg3
Rad8 22. f5 e5 23. Qxe5 Bf6 24. Qg3 Qe7 25. Nf3 Qe3+ 26. Qf2 Qxa3 27. Rb1 Be4
0-1

[Event "CORSICA MASTERS 2009"]
[Site "Bastia"]
[Date "2009.10.25"]
[Round "1.6"]
[White "Guliyev, Namig"]
[Black "Mohtaji, Javad"]
[Result "1-0"]
[WhiteElo "2525"]
[BlackElo "1887"]
[PlyCount "59"]

1. e4 c5 2. Nf3 e6 3. d4 cxd4 4. Nxd4 a6 5. Bd3 Bc5 6. Nb3 Be7 7. Qg4 g6 8. Qe2
d6 9. Be3 Nc6 10. N1d2 Nf6 11. a4 b6 12. O-O h5 13. Nc4 Rb8 14. Rad1 Qc7 15.
Bg5 Ng4 16. Bxe7 Qxe7 17. f4 O-O 18. h3 Nh6 19. c3 Rd8 20. Ne3 d5 21. e5 a5 22.
Bb5 Na7 23. Nd4 Bd7 24. g4 Nxb5 25. axb5 hxg4 26. hxg4 Kg7 27. Kg2 Rh8 28. g5
Nf5 29. Nexf5+ exf5 30. e6 1-0

[Event "CORSICA MASTERS 2009"]
[Site "Bastia"]
[Date "2009.10.25"]
[Round "1.7"]
[White "Pieri, Pierre-Louis"]
[Black "Shishkin, Vadim"]
[Result "0-1"]
[WhiteElo "1885"]
[BlackElo "2511"]
[PlyCount "64"]

1. e4 c5 2. Nf3 Nc6 3. d4 cxd4 4. Nxd4 Nf6 5. Nc3 d6 6. Be2 e5 7. Nb3 Be7 8.
O-O a5 9. Be3 O-O 10. Nd2 Be6 11. Nc4 b5 12. Nb6 Rb8 13. Nbd5 b4 14. Nxf6+ Bxf6
15. Nd5 Bg5 16. Bg4 Bxe3 17. fxe3 Qg5 18. Bf3 Bxd5 19. Qxd5 Qxe3+ 20. Kh1 Qc5
21. Rad1 Nd4 22. Rd2 Qxd5 23. exd5 Rfc8 24. Be4 h5 25. h3 h4 26. Kg1 Rc5 27.
Rff2 Rbc8 28. Kf1 Kf8 29. b3 R8c7 30. Ke1 Nb5 31. Bd3 Nc3 32. Bc4 Ne4 0-1

[Event "CORSICA MASTERS 2009"]
[Site "Bastia"]
[Date "2009.10.25"]
[Round "1.8"]
[White "Prie, Eric"]
[Black "Le Roc'H, Daniel"]
[Result "1-0"]
[WhiteElo "2493"]
[BlackElo "1873"]
[PlyCount "63"]

1. d4 d5 2. Bf4 Nf6 3. e3 Bf5 4. c4 e6 5. Nc3 Bd6 6. Bxd6 Qxd6 7. Qb3 Qb6 8. c5
Qxb3 9. axb3 Nc6 10. Bb5 Ke7 11. Bxc6 bxc6 12. Nf3 a5 13. Ne5 Ra6 14. Rxa5 Rxa5
15. Nxc6+ Kd7 16. Nxa5 Ra8 17. b4 Rb8 18. b5 Ne4 19. Nc6 Ra8 20. Nd1 f6 21. f3
Ng5 22. Kd2 Nf7 23. Nc3 Nd8 24. e4 dxe4 25. fxe4 Bg6 26. d5 Nxc6 27. bxc6+ Ke7
28. b4 Ra3 29. d6+ Kd8 30. dxc7+ Kc8 31. Nb5 Rb3 32. Ra1 1-0

[Event "CORSICA MASTERS 2009"]
[Site "Bastia"]
[Date "2009.10.25"]
[Round "1.9"]
[White "Ferrandi, Bernard"]
[Black "Karpatchev, Aleksandr"]
[Result "0-1"]
[WhiteElo "1872"]
[BlackElo "2477"]
[PlyCount "22"]
[EventDate "2009.??.??"]

1. e4 e5 2. Nf3 Nc6 3. Bc4 Nf6 4. Nc3 Nxe4 5. Nxe4 d5 6. Bd3 dxe4 7. Bxe4 Bd6
8. d4 Nxd4 9. Nxd4 exd4 10. Qxd4 O-O 11. O-O Bxh2+ 0-1

[Event "CORSICA MASTERS 2009"]
[Site "Bastia"]
[Date "2009.10.25"]
[Round "1.10"]
[White "Gruenfeld, Yehuda"]
[Black "Szymanski, Piotr"]
[Result "1-0"]
[WhiteElo "2474"]
[BlackElo "1856"]
[PlyCount "49"]

1. e4 e5 2. Nf3 Nf6 3. Nc3 Bb4 4. Bc4 O-O 5. d3 c6 6. O-O d5 7. Bb3 Bg4 8. h3
Bh5 9. Qe2 Qa5 10. g4 Bxc3 11. gxh5 dxe4 12. dxe4 Bb4 13. h6 g6 14. Ng5 Nbd7
15. Rd1 Qc7 16. Qf3 Be7 17. Be3 c5 18. Bc4 a6 19. Bf1 Nh5 20. a4 Nf4 21. Bxf4
exf4 22. Qc3 f6 23. Ne6 Qe5 24. Nxf8 Bxf8 25. Qb3+ 1-0

[Event "CORSICA MASTERS 2009"]
[Site "Bastia"]
[Date "2009.10.25"]
[Round "1.11"]
[White "Vincenti, Francois-Xavier"]
[Black "Kozakov, Mikhail"]
[Result "0-1"]
[WhiteElo "1854"]
[BlackElo "2437"]
[PlyCount "94"]

1. e3 g6 2. d4 Bg7 3. b3 c5 4. Nf3 Nc6 5. Bb2 e6 6. c4 Nge7 7. Nbd2 O-O 8. Qc2
cxd4 9. exd4 d5 10. Rd1 Nf5 11. h4 h5 12. Bd3 dxc4 13. Bxf5 cxb3 14. Nxb3 exf5
15. O-O Nb4 16. Qc4 Nd5 17. Rfe1 Be6 18. Rxe6 fxe6 19. Ng5 Re8 20. Nc5 Nb6 21.
Qb3 Qd5 22. Ngxe6 Qxb3 23. axb3 Nd5 24. Nxg7 Kxg7 25. Nxb7 Re2 26. Ba1 Rae8 27.
Kf1 Ra2 28. Nc5 Ree2 29. Nd3 Red2 30. Rxd2 Rxd2 31. Nb2 Kf7 32. Ke1 Rxd4 33.
Nc4 Rxh4 34. Ke2 Ke6 35. g3 Rh1 36. Bd4 a6 37. Ne5 g5 38. Nf3 g4 39. Ne1 h4 40.
gxh4 Rxh4 41. Nd3 g3 42. Nc5+ Kd6 43. Nb7+ Kc7 44. Nc5 Kc6 45. fxg3 Rxd4 46.
Nxa6 Kb6 47. Nb8 Nf6 0-1

[Event "CORSICA MASTERS 2009"]
[Site "Bastia"]
[Date "2009.10.25"]
[Round "1.20"]
[White "Wantiez, Fabrice"]
[Black "Engel, Gerard"]
[Result "1-0"]
[WhiteElo "2339"]
[BlackElo "1744"]
[PlyCount "66"]

1. e4 e5 2. Nf3 Nf6 3. Nxe5 d6 4. Nf3 Nxe4 5. Nc3 Nxc3 6. dxc3 Be7 7. Be3 d5 8.
Qd2 O-O 9. O-O-O Be6 10. Ng5 c5 11. Nxe6 fxe6 12. g3 Nc6 13. Bh3 Rf6 14. Bg5
Rg6 15. Bxe7 Qxe7 16. Rhe1 Rd8 17. f4 Rh6 18. Bg4 d4 19. cxd4 Nxd4 20. Qg2 Rf6
21. Bh3 Rh6 22. c3 Nc6 23. Rxd8+ Nxd8 24. f5 e5 25. Kb1 Nc6 26. g4 Qh4 27. Qd5+
Kh8 28. Rd1 g5 29. Qf7 Rf6 30. Qxf6+ Kg8 31. Bg2 h6 32. Bd5+ Kh7 33. Qg6+ Kh8
1-0

[Event "CORSICA MASTERS 2009"]
[Site "Bastia"]
[Date "2009.10.25"]
[Round "1.23"]
[White "Dehainault, Christian"]
[Black "Le Quang, Kim"]
[Result "0-1"]
[WhiteElo "1734"]
[BlackElo "2309"]
[PlyCount "46"]

1. Nf3 Nf6 2. d4 g6 3. g3 Bg7 4. Bg2 O-O 5. O-O d6 6. c4 Nbd7 7. Nc3 e5 8. e3
Re8 9. Re1 c6 10. Qb3 Qe7 11. d5 Nc5 12. Qd1 e4 13. Nd2 cxd5 14. cxd5 Bf5 15.
Nb3 Nd3 16. Rf1 Bg4 17. f3 exf3 18. Bxf3 Nxc1 19. Qxc1 Bh6 20. Nd1 Bxf3 21.
Rxf3 Nxd5 22. Kf2 Qe4 23. Na5 Rac8 0-1

[Event "CORSICA MASTERS 2009"]
[Site "Bastia"]
[Date "2009.10.25"]
[Round "1.38"]
[White "Humeau, Cyril"]
[Black "Moulie, Patrick"]
[Result "1-0"]
[WhiteElo "2171"]
[BlackElo "1664"]
[PlyCount "51"]
[EventDate "2009.??.??"]

1. d4 e6 2. e4 a6 3. Nf3 b5 4. Bd3 Bb7 5. O-O c5 6. c3 Nf6 7. Re1 Be7 8. Bg5 h6
9. Bxf6 gxf6 10. Nbd2 h5 11. d5 c4 12. Bf1 e5 13. Nh4 d6 14. a4 Nd7 15. Nf5 Bf8
16. b3 Nc5 17. bxc4 Nxa4 18. cxb5 Nxc3 19. bxa6 Bc8 20. Qb3 Bxf5 21. exf5 Qc7
22. Rec1 Rc8 23. a7 Bh6 24. Rxc3 Qxc3 25. Qxc3 Rxc3 26. a8=Q+ 1-0

[Event "CORSICA MASTERS 2009"]
[Site "Bastia"]
[Date "2009.10.26"]
[Round "2.1"]
[White "Sokolov, Ivan"]
[Black "Iwanesko, Alexandre"]
[Result "1-0"]
[WhiteElo "2657"]
[BlackElo "2191"]
[PlyCount "83"]
[EventDate "2009.??.??"]

1. d4 Nf6 2. c4 c5 3. d5 b5 4. Nf3 g6 5. cxb5 a6 6. b6 d6 7. Nc3 Nbd7 8. e4 Bg7
9. h3 O-O 10. Be2 Qxb6 11. O-O Ne8 12. a4 Nc7 13. Nd2 Rb8 14. Ra3 Qa7 15. Qc2
f5 16. exf5 gxf5 17. Nc4 Ne5 18. Bg5 Ne8 19. f4 Nxc4 20. Bxc4 Nf6 21. b3 Kh8
22. Qd3 Bb7 23. Re1 Rbe8 24. Ra2 Bc8 25. Rae2 Rf7 26. Kh2 Rg8 27. Re3 Bf8 28.
Qe2 Qa8 29. Qc2 Bb7 30. Qxf5 h6 31. Rxe7 Bxe7 32. Rxe7 Ng4+ 33. Qxg4 Rxe7 34.
Bf6+ Rgg7 35. Qh4 Qf8 36. f5 Kg8 37. Bxg7 Rxg7 38. Qf4 Bc8 39. f6 Rg5 40. Ne4
Re5 41. f7+ Kh8 42. Nxd6 1-0

[Event "CORSICA MASTERS 2009"]
[Site "Bastia"]
[Date "2009.10.26"]
[Round "2.2"]
[White "Bates, Caspar J"]
[Black "Hamdouchi, Hicham"]
[Result "0-1"]
[WhiteElo "2190"]
[BlackElo "2590"]
[PlyCount "84"]
[EventDate "2009.??.??"]

1. e4 c5 2. c4 Nc6 3. Nc3 g6 4. g3 Bg7 5. Bg2 d6 6. d3 a6 7. Nge2 Rb8 8. O-O b5
9. cxb5 axb5 10. a3 b4 11. axb4 Nxb4 12. d4 cxd4 13. Nxd4 Nf6 14. Qa4+ Bd7 15.
Ndb5 Nd3 16. Qc4 Ne5 17. Qe2 O-O 18. Be3 Bg4 19. f3 Be6 20. Ra4 Qc8 21. Na7 Qd7
22. Ncb5 Nc6 23. Rfa1 Nxa7 24. Nxa7 Qb7 25. Bf1 Bd7 26. R4a2 Qb3 27. Bd4 Ne8
28. Bxg7 Nxg7 29. Kg2 Ne6 30. Qd3 Qb6 31. Qa6 Qd4 32. Qe2 Rb3 33. Rd1 Qb6 34.
Qf2 Qb4 35. e5 Ng5 36. exd6 Rxf3 37. Qe2 exd6 38. h4 Qg4 39. Ra3 Qxg3+ 40. Kh1
Rxa3 41. bxa3 Nf3 42. Qg2 Qxh4+ 0-1

[Event "CORSICA MASTERS 2009"]
[Site "Bastia"]
[Date "2009.10.26"]
[Round "2.3"]
[White "Malaniuk, Vladimir P"]
[Black "Humeau, Cyril"]
[Result "1-0"]
[WhiteElo "2586"]
[BlackElo "2171"]
[PlyCount "63"]
[EventDate "2009.??.??"]

1. f4 Nf6 2. Nf3 g6 3. g3 Bg7 4. Bg2 O-O 5. O-O c5 6. d3 d5 7. Qe1 Nc6 8. c3
Qd6 9. Na3 Bg4 10. e4 Bxf3 11. e5 Bxg2 12. exd6 Bxf1 13. Qxf1 exd6 14. Qf3 a6
15. Bd2 Rfe8 16. g4 h6 17. Nc2 d4 18. cxd4 cxd4 19. Re1 Rxe1+ 20. Bxe1 Re8 21.
Bf2 Nd7 22. Qd5 Nf6 23. Qxd6 Nxg4 24. Qd7 Re2 25. Qxg4 Rxc2 26. Qc8+ Bf8 27.
Qxb7 Nb4 28. Bxd4 Nxd3 29. Qe4 Rc1+ 30. Kg2 Nc5 31. Qe5 Rc2+ 32. Kh3 1-0

[Event "CORSICA MASTERS 2009"]
[Site "Bastia"]
[Date "2009.10.26"]
[Round "2.4"]
[White "Guedon, Stephane"]
[Black "Palac, Mladen"]
[Result "1/2-1/2"]
[WhiteElo "2164"]
[BlackElo "2576"]
[PlyCount "88"]
[EventDate "2009.??.??"]

1. e4 c5 2. Nf3 d6 3. d4 cxd4 4. Nxd4 Nf6 5. Nc3 Nc6 6. Bb5 Qb6 7. Nb3 e6 8.
Be3 Qc7 9. Bd3 a6 10. f4 b5 11. a3 Be7 12. O-O O-O 13. Qf3 Rb8 14. Kh1 b4 15.
Ne2 bxa3 16. bxa3 Re8 17. Ng3 Bb7 18. Rae1 Nd7 19. Qg4 g6 20. Nd4 Bf6 21. Nf3
Bg7 22. Ng5 h6 23. Nxf7 Nf6 24. Nxh6+ Bxh6 25. Qh3 Qg7 26. e5 Nd5 27. Rf3 Nxe3
28. Rfxe3 Nxe5 29. Nh5 gxh5 30. Rg3 Nxd3 31. cxd3 Bd5 32. Qxh5 Re7 33. Qh4 Qxg3
34. hxg3 Rh7 35. Kg1 Bf8 36. Qg4+ Rg7 37. Qh4 Be7 38. Qh5 Rb2 39. Rxe6 Rxg2+
40. Kf1 Bxe6 41. Qe8+ Kh7 42. Qh5+ Kg8 43. Qe8+ Kh7 44. Qh5+ Kg8 1/2-1/2

[Event "CORSICA MASTERS 2009"]
[Site "Bastia"]
[Date "2009.10.26"]
[Round "2.5"]
[White "Maslak, Konstantin"]
[Black "Bressac, Stephane"]
[Result "1-0"]
[WhiteElo "2551"]
[BlackElo "2153"]
[PlyCount "81"]
[EventDate "2009.??.??"]

1. e4 e6 2. d4 d5 3. Nd2 dxe4 4. Nxe4 Nd7 5. Nf3 Ngf6 6. Nxf6+ Nxf6 7. Bd3 c5
8. Be3 Nd5 9. O-O b6 10. Ne5 Bd6 11. Bb5+ Kf8 12. Bc6 Rb8 13. Qf3 Bxe5 14. dxe5
Ne7 15. Be4 Qc7 16. Rad1 Ng6 17. Qh5 Bb7 18. Bxb7 Qxb7 19. Rd2 Qe4 20. Rfd1 Re8
21. Re2 Qf5 22. Qxf5 exf5 23. Rd7 Re7 24. Rd8+ Re8 25. Rd7 Re7 26. Rd5 Ke8 27.
Red2 Rxe5 28. Rd8+ Ke7 29. R2d7+ Kf6 30. Rxh8 Nxh8 31. Rxa7 f4 32. Bd2 Ke6 33.
Kf1 Ng6 34. Rb7 Rd5 35. Rxb6+ Kf5 36. Ke2 Ne5 37. Bc3 Nc4 38. Rc6 g5 39. Rf6+
Kg4 40. h3+ Kh5 41. Rxf7 1-0

[Event "CORSICA MASTERS 2009"]
[Site "Bastia"]
[Date "2009.10.26"]
[Round "2.6"]
[White "Angelov, Zvetomir"]
[Black "Guliyev, Namig"]
[Result "0-1"]
[WhiteElo "2136"]
[BlackElo "2525"]
[PlyCount "80"]
[EventDate "2009.??.??"]

1. c4 g6 2. d4 Bg7 3. e4 d6 4. Nc3 Nc6 5. Be3 e5 6. Nge2 Nf6 7. f3 O-O 8. Qd2
a6 9. d5 Na5 10. Nc1 c5 11. dxc6 bxc6 12. Na4 c5 13. b4 cxb4 14. Bb6 Qd7 15.
Bxa5 Qxa4 16. Qxb4 Qc6 17. Qb6 Qxb6 18. Bxb6 Be6 19. Nb3 Rfc8 20. Rc1 Bh6 21.
Rc2 Nd7 22. Ba5 Rab8 23. Bd2 Bxd2+ 24. Kxd2 Ra8 25. Be2 a5 26. Nc1 Nb6 27. c5
dxc5 28. Nd3 Nc4+ 29. Ke1 Ne3 30. Rxc5 Nxg2+ 31. Kf2 Nf4 32. Rhc1 Rxc5 33. Nxc5
Bxa2 34. Ra1 Rc8 35. Nd3 Rc2 36. Nxf4 exf4 37. Ke1 a4 38. Bd1 Rxh2 39. Rc1 Bb3
40. Be2 a3 0-1

[Event "CORSICA MASTERS 2009"]
[Site "Bastia"]
[Date "2009.10.26"]
[Round "2.7"]
[White "Shishkin, Vadim"]
[Black "Cristofari, Antoine"]
[Result "1-0"]
[WhiteElo "2511"]
[BlackElo "2109"]
[PlyCount "107"]
[EventDate "2009.??.??"]

1. d4 Nf6 2. c4 g6 3. Nc3 Bg7 4. e4 O-O 5. Be2 d6 6. Nf3 e5 7. Be3 Nc6 8. d5
Ne7 9. Nd2 Ne8 10. b4 f5 11. f3 Kh8 12. h4 f4 13. Bf2 Nf6 14. Bd3 Nh5 15. Ne2
Ng8 16. Qc2 Ngf6 17. Rc1 Rf7 18. c5 Bh6 19. Qb3 Ng3 20. Bxg3 fxg3 21. Nxg3 Nh5
22. Nxh5 gxh5 23. Rc2 Rf4 24. g3 Rf7 25. Be2 Qg8 26. Nf1 Rg7 27. Kf2 Bd7 28. c6
bxc6 29. dxc6 Be6 30. Bc4 Bxc4 31. Qxc4 Rf7 32. Ke2 Raf8 33. Rc3 Qg6 34. Rh2
Rg7 35. Ra3 Qf6 36. Rf2 d5 37. Qc5 d4 38. b5 Rd8 39. Qc4 Rgg8 40. Rd3 Rd6 41.
a4 Rgd8 42. Qc5 Re8 43. Qxa7 Qf7 44. Nd2 Be3 45. Rf1 Rg6 46. Qc5 Rxg3 47. Nc4
Rg2+ 48. Kd1 Bf4 49. Qd5 Qg7 50. Nd2 Qh6 51. Qd7 Reg8 52. Qxc7 Bxd2 $2 (52...
Qe6 $1) 53. Qxe5+ R8g7 54. c7 1-0

[Event "CORSICA MASTERS 2009"]
[Site "Bastia"]
[Date "2009.10.26"]
[Round "2.8"]
[White "Kurochka, Irina"]
[Black "Prie, Eric"]
[Result "0-1"]
[WhiteElo "2108"]
[BlackElo "2493"]
[PlyCount "92"]
[EventDate "2009.??.??"]

1. e4 d5 2. exd5 Qxd5 3. Nc3 Qa5 4. d4 Nf6 5. Nf3 Bf5 6. Bc4 e6 7. Bd2 c6 8.
Nd5 Qd8 9. Nxf6+ gxf6 10. Bb3 a5 11. a4 Na6 12. c3 Rg8 13. Nh4 Be4 14. Qh5 Bd5
15. Bxd5 Qxd5 16. Qxd5 cxd5 17. g3 Kd7 18. f4 f5 19. Kf2 Nc7 20. Nf3 f6 21. Ne1
Ne8 22. Nd3 b6 23. Kf3 Nd6 24. Rhe1 Ne4 25. Re2 h5 26. Rh1 Bd6 27. Be1 Rac8 28.
Bf2 Rc4 29. Ra1 Rb8 30. Be1 b5 31. axb5 Rxb5 32. Nf2 a4 33. Nxe4 fxe4+ 34. Kf2
f5 35. Ra2 Rb3 36. Rc2 Kc6 37. Rc1 Kb5 38. Rca1 a3 39. bxa3 Ra4 40. Kg1 Be7 41.
Kg2 Kc4 42. Kf1 Rbxa3 43. Rxa3 Rxa3 44. Rb1 Kd3 45. Rb2 Bd8 46. Rd2+ Kxc3 0-1

[Event "CORSICA MASTERS 2009"]
[Site "Bastia"]
[Date "2009.10.26"]
[Round "2.10"]
[White "Serra, Yvan"]
[Black "Gruenfeld, Yehuda"]
[Result "0-1"]
[WhiteElo "2091"]
[BlackElo "2474"]
[PlyCount "55"]
[EventDate "2009.??.??"]

1. e4 c5 2. b3 d6 3. Bb2 Nf6 4. Bb5+ Bd7 5. Bxd7+ Qxd7 6. d3 Nc6 7. Nd2 g6 8.
Ngf3 Bg7 9. O-O O-O 10. Nc4 e5 11. a4 Nh5 12. Bc1 f5 13. Ne1 Nf4 14. g3 Ne6 15.
f3 d5 16. exd5 Qxd5 17. Bb2 Rae8 18. c3 h5 19. Qe2 h4 20. Ng2 h3 21. Nge3 Qd8
22. Rf2 Nf4 23. Qf1 Nxd3 24. Rd2 e4 25. Rad1 f4 26. gxf4 Qh4 27. Nd6 Qxf4 28.
Rxd3 0-1

[Event "CORSICA MASTERS 2009"]
[Site "Bastia"]
[Date "2009.10.26"]
[Round "2.12"]
[White "Zermiche, Cherif"]
[Black "Shirazi, Kamran"]
[Result "0-1"]
[WhiteElo "2079"]
[BlackElo "2410"]
[PlyCount "71"]

1. e4 c6 2. c4 d5 3. cxd5 cxd5 4. exd5 Nf6 5. Qa4+ Nbd7 6. Nc3 a6 7. Nf3 g6 8.
Be2 Bg7 9. d6 exd6 10. Nb5 O-O 11. Nc3 Nc5 12. Qc2 Bf5 13. d3 Re8 14. O-O Rc8
15. Nd4 Bd7 16. Bf3 Ng4 17. Nb3 Ne5 18. Be2 Bf5 19. Nxc5 dxc5 20. Ne4 c4 21.
dxc4 Nxc4 22. f3 Nxb2 23. Qb3 Nd3 24. Be3 Bxa1 25. Rxa1 Bxe4 26. fxe4 Rxe4 27.
Bb6 Nc1 28. Rxc1 Rxc1+ 29. Kf2 Qf6+ 30. Bf3 Qh4+ 31. g3 Qxh2+ 32. Bg2 Re2+ 33.
Kxe2 Qxg2+ 34. Bf2 Qe4+ 35. Be3 Rc2+ 36. Qxc2 0-1

[Event "CORSICA MASTERS 2009"]
[Site "Bastia"]
[Date "2009.10.26"]
[Round "2.13"]
[White "Caspi, Israel"]
[Black "Barnier, Alain"]
[Result "1-0"]
[WhiteElo "2404"]
[BlackElo "2067"]
[PlyCount "41"]

1. e4 g6 2. d4 Bg7 3. Nc3 c6 4. h3 d5 5. Nf3 dxe4 6. Nxe4 Nd7 7. Bc4 Nb6 8. Bb3
Nf6 9. Nxf6+ Bxf6 10. Bh6 Qd6 11. Qe2 Nd5 12. O-O Rg8 13. c4 Nf4 14. Qe4 g5 15.
c5 Nxh3+ 16. gxh3 Qf4 17. Qxf4 gxf4+ 18. Kh2 Bf5 19. Rg1 Rg6 20. Bxf4 e6 21.
Ne5 1-0

[Event "CORSICA MASTERS 2009"]
[Site "Bastia"]
[Date "2009.10.26"]
[Round "2.16"]
[White "Brongers, Henk"]
[Black "Dimitrov, Pavel"]
[Result "0-1"]
[WhiteElo "2035"]
[BlackElo "2376"]
[PlyCount "48"]

1. d4 d5 2. Nc3 Nf6 3. Bg5 Nbd7 4. Qd3 c6 5. Nf3 Qb6 6. O-O-O e6 7. e4 Bb4 8.
exd5 cxd5 9. Bd2 a6 10. h3 Qc7 11. Qe3 Bd6 12. Re1 b5 13. Ne5 Nb6 14. g4 b4 15.
Nd1 Ne4 16. f3 Nxd2 17. Qxd2 f6 18. Nd3 Nc4 19. Qg2 Bf4+ 20. Nxf4 Qxf4+ 21. Ne3
Nxe3 22. Qd2 Qxf3 23. Be2 Qf4 24. Rhg1 g5 0-1

[Event "CORSICA MASTERS 2009"]
[Site "Bastia"]
[Date "2009.10.26"]
[Round "2.40"]
[White "Stubbe, Alicia"]
[Black "Geronimi, Pierre-Francois"]
[Result "0-1"]
[WhiteElo "1613"]
[BlackElo "1900"]
[PlyCount "76"]

1. e4 c5 2. Nf3 d6 3. d4 cxd4 4. Nxd4 Nf6 5. Nc3 a6 6. Bc4 Nbd7 7. O-O Nc5 8.
Re1 e6 9. b4 Ncxe4 10. Nxe4 Nxe4 11. Nxe6 Bxe6 12. Rxe4 Qf6 13. Be3 Be7 14. Bd4
Qf5 15. Qe1 d5 16. Re5 Qf4 17. Bxd5 Qxd4 18. c3 Qxd5 19. Rxd5 Bxd5 20. Qe5 Be6
21. Qxg7 O-O-O 22. g3 h5 23. Re1 Rhg8 24. Qh7 Rh8 25. Qg7 Rdg8 26. Qd4 h4 27.
Re5 hxg3 28. hxg3 Rd8 29. Qe3 Bd6 30. Ra5 Bc7 31. Ra3 Bd5 32. f4 Rde8 33. Qd4
Bc6 34. c4 Rh1+ 35. Kf2 Rh2+ 36. Kg1 Rg2+ 37. Kf1 Rd8 38. Qa1 Rh2 0-1

[Event "CORSICA MASTERS 2009"]
[Site "Bastia"]
[Date "2009.10.26"]
[Round "2.50"]
[White "Guedon, Sosthene"]
[Black "Utrera, Ludovic"]
[Result "0-1"]
[WhiteElo "1567"]
[BlackElo "1829"]
[PlyCount "38"]

1. e4 c5 2. Nf3 e6 3. d4 cxd4 4. Nxd4 a6 5. Nc3 Qc7 6. Bd3 Nc6 7. Be3 Nf6 8.
O-O Ne5 9. h3 b5 10. Nce2 Bb7 11. Ng3 Be7 12. Bf4 d6 13. Be3 h5 14. h4 Nfg4 15.
Nf3 Nxf3+ 16. Qxf3 d5 17. exd5 Bxd5 18. Qe2 Bxh4 19. Ne4 Qh2# 0-1

[Event "CORSICA MASTERS 2009"]
[Site "Bastia"]
[Date "2009.10.26"]
[Round "2.54"]
[White "Ascione, Olivier"]
[Black "Luciani, Thibault"]
[Result "0-1"]
[WhiteElo "1550"]
[BlackElo "1764"]
[PlyCount "68"]
[EventDate "2009.??.??"]

1. e4 c5 2. Nf3 Nc6 3. d4 cxd4 4. Nxd4 e5 5. Nf3 Nf6 6. Bg5 Qa5+ 7. Nc3 Nxe4 8.
Bd2 Nxd2 9. Qxd2 Bb4 10. O-O-O Bxc3 11. Qxc3 Qxa2 12. Nxe5 O-O 13. Nxd7 Bxd7
14. Rxd7 Rad8 15. Rd3 Rfe8 16. Kd2 Qa1 17. Rxd8 Qe1+ 18. Kd3 Rxd8+ 19. Kc4 Qe6+
20. Kb5 Rd5+ 21. Ka4 Ra5+ 22. Qxa5 Nxa5 23. Kxa5 Qa2+ 24. Kb5 Qxb2+ 25. Kc5
Qxc2+ 26. Bc4 Qxf2+ 27. Kb4 Qxg2 28. Rd1 g6 29. Rd7 Qf3 30. Rd8+ Kg7 31. Bd5
Qf4+ 32. Kc5 Qc7+ 33. Bc6 Qxd8 34. Bxb7 Qb6+ 0-1

[Event "CORSICA MASTERS 2009"]
[Site "Bastia"]
[Date "2009.10.26"]
[Round "3.2"]
[White "Hamdouchi, Hicham"]
[Black "Godard, Maxence"]
[Result "1-0"]
[WhiteElo "2590"]
[BlackElo "2344"]
[PlyCount "91"]

1. e4 c6 2. d4 d5 3. Nc3 dxe4 4. Nxe4 Nd7 5. Ng5 Ngf6 6. Bd3 e6 7. N1f3 Bd6 8.
Qe2 h6 9. Ne4 Nxe4 10. Qxe4 Qc7 11. Qg4 Kf8 12. Qh4 b6 13. O-O Bb7 14. Re1 c5
15. Be4 Be7 16. Bg5 Bxg5 17. Nxg5 Kg8 18. Nf3 g5 19. Qh3 Bxe4 20. Rxe4 Kg7 21.
dxc5 Nxc5 22. Re2 Rad8 23. Rae1 Qf4 24. Qh5 Rd5 25. Ne5 Nd7 26. Nd3 Qf5 27. Re3
Rd8 28. Qe2 Qf6 29. Rf3 Rf5 30. Re3 a5 31. h3 Nc5 32. Ne5 Nd7 33. Nc4 Rf4 34.
a4 Rc8 35. Nd6 Rf8 36. b3 Rd4 37. Ne4 Qg6 38. c3 Rd5 39. Qb2 Nf6 40. c4 Rf5 41.
Nd6 Rc5 42. Rf3 Rd8 43. Nb7 Rcc8 44. Nxd8 Rxd8 45. Qe5 Rd3 46. Ree3 1-0

[Event "CORSICA MASTERS 2009"]
[Site "Bastia"]
[Date "2009.10.06"]
[Round "3.3"]
[White "Vuilleumier, Alexandre"]
[Black "Malaniuk, Vladimir P"]
[Result "0-1"]
[WhiteElo "2332"]
[BlackElo "2586"]
[PlyCount "174"]

1. e4 e5 2. Nf3 Nc6 3. d4 exd4 4. Nxd4 Bc5 5. Be3 Qf6 6. c3 Nge7 7. Bc4 Ne5 8.
Be2 Qg6 9. O-O d6 10. f4 Qxe4 11. Bf2 Bxd4 12. cxd4 N5g6 13. Nc3 Qxf4 14. d5
O-O 15. Bxa7 Qg5 16. Bf2 Bh3 17. Bg3 Bd7 18. Qc1 h6 19. Qxg5 hxg5 20. h3 Nf5
21. Bh2 Ne3 22. Rfc1 Nf4 23. h4 Nxe2+ 24. Nxe2 Nxd5 25. hxg5 Rfe8 26. Nf4 Nxf4
27. Bxf4 Re2 28. Rxc7 Bc6 29. Kf1 Rxb2 30. Bxd6 Bxg2+ 31. Ke1 Ra6 32. g6 fxg6
33. Rxg7+ Kxg7 34. Be5+ Kh6 35. Bxb2 Bd5 36. a3 g5 37. Rd1 Bc6 38. Rd4 Kh5 39.
Kf2 Ra5 40. Kg3 Rb5 41. Rb4 Rf5 42. Rb3 Rf1 43. Bd4 Rf4 44. Bc5 Rg4+ 45. Kf2
Rg2+ 46. Kf1 Ra2 47. Bb4 Kg4 48. Rc3 Bg2+ 49. Ke1 Bf3 50. Kf1 Bg2+ 51. Ke1 Bd5
52. Rd3 Bf3 53. Rd2 Ra1+ 54. Kf2 Bc6 55. Rd4+ Kf5 56. Rd2 Be4 57. Re2 Rh1 58.
Bd6 Rd1 59. Be7 g4 60. Bb4 Rd3 61. Re3 Rd7 62. Rc3 Kf4 63. Rg3 Bf3 64. Rg1 Rd3
65. Rc1 g3+ 66. Kg1 Kg4 67. Ra1 Kh3 68. Rb1 Kg4 69. Re1 Rb3 70. Re8 Rb1+ 71.
Re1 Rb2 72. Re8 Bd5 73. Re5 Bc6 74. Re6 Rg2+ 75. Kf1 Rh2 76. Rg6+ Kf3 77. Rf6+
Ke3 78. Bc5+ Kd3 79. Rg6 Rh1+ 80. Bg1 g2+ 81. Kf2 Rh5 82. Rg3+ Kc2 83. Re3 Kb2
84. Ke1 Rh1 85. Kf2 Rh4 86. Ke1 Rc4 87. Rg3 Rc1+ 0-1